| 000 | 00382cam a2200145 a 4500 | ||
|---|---|---|---|
| 020 | _a0972979409 | ||
| 040 | _cABS | ||
| 082 | 0 | 0 | _a158 PEL 2003 A002 Or. |
| 100 | 1 | _aMay, Matthew, | |
| 245 | 1 | 0 |
_aAbsolute impact : _bthe drive for personal leadership / |
| 260 |
_aLos Angeles : _bPeloton, _cc2003. |
||
| 300 |
_axiv, 273 p. : _bill. ; _c22 cm. |
||
| 650 | 0 | _aLeadership. | |
| 942 | _cEK | ||
| 999 |
_c15788 _d15788 |
||